• 首页
  • 本馆介绍
  • 公告通知
  • 最新文献
  • 馆藏检索
  • 电子资源
  • 读者导购
  • 参考咨询
  • 我的图书馆
  • 登录
  • 详细信息显示
  • 放入我的书架
  • 预约/预借图书
  • 作者相关作品
  • 分类相关作品
  • 丛书相关作品
  • 出版社相关作品

书目信息

  • 表格格式
  • 工作单格式
  • 卡片格式
题名:
走向现代财政:"国家治理财政"视角
    
 
作者: 吕冰洋
分册:  
出版信息: 北京   中国人民大学出版社  2022.09
页数: 296页
开本: 20cm
丛书名:
单 册:
中图分类: F812.2
科图分类:
主题词: 财政
电子资源:
ISBN: 7-300-30773-6
000 00611nam0 2200193 450
001 2462128789
005 20240909171742.43
010    @a7-300-30773-6@dCNY64.00
100    @a20240909d2022 km y0chiy0120 ea
101 0  @achi
102    @aCN@b110000
200 1  @a走向现代财政:"国家治理财政"视角@AZou Xiang Xian Dai Cai Zheng:"Guo Jia Zhi Li Cai Zheng"Shi Jiao@f吕冰洋@FLu Bing Yang
210    @a北京@c中国人民大学出版社@d2022.09
215    @a296页@d20cm
606 0  @a财政
690    @aF812.2@v4
701  0 @a吕冰洋@ALu Bing Yang
801  0 @aCN@b大连网信软件有限公司图书馆·11@c20240909
905    @aZUCC@dF812.2@e113
    
    走向现代财政:"国家治理财政"视角/吕冰洋.-北京:中国人民大学出版社,2022.09
    296页;20cm
    
    
    ISBN 7-300-30773-6:CNY64.00
    
●
相关链接 在E读中查询图书 在五车中查询图书 在当当中查询图书 在豆瓣中查询图书


正题名:走向现代财政:"国家治理财政"视角     索取号:F812.2/113         预约/预借

序号 登录号 条形码 馆藏地/架位号 状态 备注
1 1053561   210535615   第一样本阅览室/ [索取号:F812.2/113] 已借出,限还日期为2025.03.16
借出人:宋晓敏  
 
唐山师范学院图书馆 欢迎您!
大连网信软件有限公司© 版权所有